Geography A-Z Picture Quiz - Statistics

General Stats
  • This quiz has been taken 422 times
    411 since last reset
  • The average score is 15 of 26
Answer Stats
Picture Hint Answer % Correct
B Brazil
97%
E Everest
84%
J Jerusalem
81%
G Grand Canyon
77%
H Hong Kong
77%
M Machu Picchu
75%
T Tasmania
74%
O Orlando
73%
C Cuba
70%
Q Qatar
65%
U Uluru
65%
L Luxor
57%
K Kalahari
55%
A Amazon
54%
F Forbidden City
53%
X Xian
51%
S Seoul
44%
W Wales
40%
Z Zambia
40%
N New South Wales
37%
P Patagonia
37%
V Vesuvius
35%
D Danube
34%
I Isthmus
30%
R Rhine
28%
Y Yangtze
23%
No matching quizzes found
Score Distribution
Percent of People with Each Score
Percentile by Number Answered
Your Score History
You have not taken this quiz since the last reset